• 首页
  • 本馆介绍
  • 公告通知
  • 最新文献
  • 馆藏检索
  • 电子资源
  • 读者导购
  • 参考咨询
  • 我的图书馆
  • 登录
  • 详细信息显示
  • 放入我的书架
  • 预约/预借图书
  • 作者相关作品
  • 分类相关作品
  • 丛书相关作品
  • 出版社相关作品

书目信息

  • 表格格式
  • 工作单格式
  • 卡片格式
题名:
中国旅游业对外开放战略研究
    
 
作者: 高舜礼 著
分册:  
出版信息: 北京   中国旅游出版社  2004
页数: 457页
开本: 23cm
丛书名:
单 册:
中图分类: F592.3
科图分类:
主题词: 旅游业--对外开放--研究--中国 , 旅游业 , 对外开放
电子资源:
ISBN: 7-5032-2240-9
000 00928nam0 2200265 450
001 002660410
005 20091207095002.61
010    @a7-5032-2240-9@dCNY39.00
100    @a20040609d2004 em y0chiy0110 ea
101 0  @achi
102    @aCN@b110000
105    @ay z 000yy
106    @ar
200 1  @a中国旅游业对外开放战略研究@9zhong guo lv you ye dui wai kai fang zhan lve yan jiu@f高舜礼著
210    @a北京@c中国旅游出版社@d2004
215    @a457页@d23cm
330    @a本书围绕20世纪90年代以来中国加入WTO这一重大事件,研究分析了旅游业面临的对外开放新形势、参与入世谈判的策略和工作历程、对外开放政策的演变发展等内容。
510 1  @aOpening Strategy Research on China Tourism Industry@zeng
606 0  @a旅游业@x对外开放@x研究@y中国
606 0  @a旅游业
606 0  @a对外开放
690    @aF592.3@v4
701  0 @a高舜礼@9gao shun li@f(1964~)@4著
801  0 @aCN@bNLC@c20091207
905    @b20797087-91@dF592.3@e261@f5
    
    中国旅游业对外开放战略研究/高舜礼著.-北京:中国旅游出版社,2004
    457页;23cm
    
    
    ISBN 7-5032-2240-9:CNY39.00
    本书围绕20世纪90年代以来中国加入WTO这一重大事件,研究分析了旅游业面临的对外开放新形势、参与入世谈判的策略和工作历程、对外开放政策的演变发展等内容。
●
相关链接 在E读中查询图书 在五车中查询图书 在当当中查询图书 在豆瓣中查询图书


正题名:中国旅游业对外开放战略研究     索取号:F592.3/261         预约/预借

序号 登录号 条形码 馆藏地/架位号 状态 备注
1 797087   207970873   第一样本阅览室/ [索取号:F592.3/261] 在馆    
2 797088   207970882   第一借阅区/ [索取号:F592.3/261] 在馆    
3 797089   207970891   第一借阅区/ [索取号:F592.3/261] 在馆    
4 797090   207970908   第一借阅区/ [索取号:F592.3/261] 在馆    
5 797091   207970917   密集书库-资源管理系/ [索取号:F592.3/261] 在馆    
唐山师范学院图书馆 欢迎您!
大连网信软件有限公司© 版权所有